| 000 | 00792nam a2200229Ia 4500 | ||
|---|---|---|---|
| 003 | GCL | ||
| 008 | 140319s9999 xx 000 0 ara d | ||
| 040 |
_aGCL / _cGCL |
||
| 082 | 0 | 4 |
_a346.04 _bع ح |
| 100 | 1 | _aعزالدين الدناصورى | |
| 245 | 1 | 0 |
_aالحيازة المدنية: حمايتها الجنائية فى ضوء الفقه والقضاء / _cعزالدين الدناصورى |
| 700 | 1 | _aحامد عكاز | |
| 260 |
_a[S.N] : _bلجنة الاعلام والدراسات المستقبلية ، _c1993 |
||
| 300 | _a667 ص | ||
| 490 | _a | ||
| 650 | 0 | 4 | _aالقانون المدنى |
| 650 | 0 | 4 | _aالحيازة |
| 650 | 0 | 4 | _aالتشريع الاسلامى |
| 650 | 0 | 4 | _aالقضاء المدنى |
| 650 | 0 | 4 | _aالقضاء الشرعى |
| 942 |
_2ddc _cBK |
||
| 999 |
_c38544 _d38544 |
||